<The> IAASB - the International Auditing and Assurance Standards Board - The Influence of Institutional Aspects on International Harmonization Concept of Auditing Services

Guardado en:
Detalles Bibliográficos
Autor principal: Kareš, Ladislav
Otros Autores: Krišková, Petra, 1981-
Formato: Capítulo de libro
Lenguaje:inglés
Etiquetas: Agregar Etiqueta
Sin Etiquetas, Sea el primero en etiquetar este registro!

MARC

LEADER 00000nla$a2200000$$$4500
001 0113293
005 20240502083300.5
041 0 |a eng 
044 |a RS 
245 1 0 |a <The> IAASB - the International Auditing and Assurance Standards Board - The Influence of Institutional Aspects on International Harmonization Concept of Auditing Services  |c Ladislav Kareš, Petra Krišková 
100 1 |a Kareš, Ladislav 
700 1 |a Krišková, Petra, 1981-